[Event "La Fere op 6th"]
[Site "La Fere"]
[Date "2007.07.09"]
[Round "3"]
[White "Flandre, Xavier"]
[Black "Gaignierre, Gilles"]
[Result "1/2-1/2"]
[WhiteElo "1913"]
[BlackElo "2003"]
[PlyCount "50"]
[EventDate "2007.07.07"]
[EventType "swiss"]
[EventRounds "9"]
[EventCountry "FRA"]
[SourceTitle "CBM 119 Extra"]
[Source "ChessBase"]
[SourceDate "2007.09.04"]
[SourceVersion "1"]
[SourceVersionDate "2007.09.04"]
[SourceQuality "1"]

1. e4 e6 2. d4 d5 3. Nc3 dxe4 4. Nxe4 Nd7 5. Nf3 Ngf6 6. Bg5 Be7 7. Bxf6 Nxf6 8. Bd3 a6 9. 0-0 g6 10. Ne5 0-0 11. c3 Nxe4 12. Bxe4 f5 13. Bc2 Bf6 14. Re1 b6 15. Qf3 Qd5 16. Bb3 Qxf3 17. Nxf3 Kf7 18. Re2 Bd7 19. Rae1 Rae8 20. Ne5+ Bxe5 21. Rxe5 Kf6 22. f4 h6 23. h4 h5 24. Kf2 Rh8 25. Bc4 a5 1/2-1/2

[Event "Le Touquet op 20th"]
[Site "Le Touquet"]
[Date "2005.10.28"]
[Round "8"]
[White "Manet, Eric"]
[Black "Flandre, Xavier"]
[Result "1-0"]
[WhiteElo "2045"]
[BlackElo "1908"]
[PlyCount "67"]
[EventDate "2005.10.23"]
[EventType "swiss"]
[EventRounds "9"]
[EventCountry "FRA"]
[SourceTitle "EXT 2006"]
[Source "ChessBase"]
[SourceDate "2005.11.24"]
[SourceVersion "1"]
[SourceVersionDate "2005.11.24"]
[SourceQuality "1"]

1. e4 c6 2. d4 d5 3. Nc3 dxe4 4. Nxe4 Nd7 5. Nf3 Ngf6 6. Nxf6+ Nxf6 7. Bg5 Bg4 8. Be2 Qa5+ 9. Qd2 Qxd2+ 10. Bxd2 0-0-0 11. Be3 h6 12. Ne5 Be6 13. 0-0 Nd7 14. Nd3 g6 15. c3 Bg7 16. Nf4 Nf8 17. Nxe6 Nxe6 18. Bc4 Rd6 19. Rae1 Nd8 20. Bf4 Rd7 21. b4 g5 22. Bg3 f5 23. Be5 Bxe5 24. Rxe5 b5 25. Bb3 f4 26. Rfe1 Re8 27. Be6 Nxe6 28. Rxe6 Kc7 29. Rxh6 e5 30. f3 exd4 31. Rxe8 dxc3 32. Ree6 c5 33. Rc6+ Kb7 34. Rxc5 1-0

[Event "Le Touquet op 20th"]
[Site "Le Touquet"]
[Date "2005.10.25"]
[Round "3"]
[White "Solozhentseva, Anna"]
[Black "Flandre, Xavier"]
[Result "1-0"]
[WhiteElo "2010"]
[BlackElo "1913"]
[PlyCount "81"]
[EventDate "2005.10.23"]
[EventType "swiss"]
[EventRounds "9"]
[EventCountry "FRA"]
[SourceTitle "EXT 2006"]
[Source "ChessBase"]
[SourceDate "2005.11.24"]
[SourceVersion "1"]
[SourceVersionDate "2005.11.24"]
[SourceQuality "1"]

1. e4 e6 2. d4 d5 3. Nd2 Nf6 4. e5 Nfd7 5. c3 c5 6. Bd3 Nc6 7. Ne2 Be7 8. 0-0 0-0 9. Nf3 f6 10. Nf4 Nb6 11. exf6 gxf6 12. Re1 c4 13. Bb1 Qd6 14. Qe2 Nd8 15. Nh5 Kf7 16. Bf4 Qc6 17. Bxh7 Bd6 18. Nh4 Bxf4 19. Nxf4 Ke8 20. Qh5+ Kd7 21. Qh6 Qd6 22. Nhg6 Re8 23. Qg7+ Kc6 24. Qxf6 Nd7 25. Qh4 Nf8 26. Ne5+ Kb6 27. a4 a5 28. Bc2 Nd7 29. Nfg6 Nxe5 30. Nxe5 Nc6 31. Qh5 Bd7 32. b3 cxb3 33. Bxb3 Rh8 34. Nxd7+ Qxd7 35. Qg6 Qd6 36. g3 Rag8 37. Qxe6 Qf8 38. Bxd5 Rxh2 39. Rab1+ Ka7 40. Rxb7+ Ka8 41. Rf7 1-0